| 000 | 00366nam a2200145Ia 4500 | ||
|---|---|---|---|
| 008 | 230312s9999||||xx |||||||||||||| ||und|| | ||
| 020 | _a0-534-64727-8 | ||
| 082 |
_a791.4377 _bZET-T |
||
| 100 | _aZettl;Herbert | ||
| 245 | 0 | _aTelevision Production Handbook | |
| 260 |
_bThomson _aUSA _c2006 |
||
| 300 | _a548 | ||
| 650 |
_aMass com _vMass Communication |
||
| 942 | _cBK | ||
| 999 |
_c11510 _d11510 |
||